000 00239nam a22001217a 4500
003 SGT
082 _bNCR
100 _aNCRT
245 _aNATIONAL CURRICULUM FRAMEWORK
260 _aDELHI
_bNCRT
_c2005
300 _a140
942 _2ddc
_cBK
999 _c19971
_d19971